Music Quiz

Random Music or Song Quiz
Score 0/20 Timer 05:00
0 Plays Today
Hint Song % Correct
BestLights
85.7%
BestSomebody That I Used To Know
80.6%
BestSome Nights
78.6%
WorstScream & Shout
77.6%
WorstDrive By
76.5%
WorstWhistle
75.5%
BestDie Young
75.5%
BestLocked Out of Heaven
74.5%
BestYoung, Wild and Free
72.4%
BestNi**as In Paris
70.4%
Hint Song % Correct
WorstBirthday Cake
69.4%
WorstWant You Back
67.3%
WorstWanted
66.3%
BestIt's Time
65.3%
Worst50 Ways To Say Goodbye
64.3%
WorstOne More Night
64.3%
BestI Cry
63.3%
BestTake Care
61.2%
WorstWhere Have You Been
57.1%
WorstBack In Time
55.1%

You're not logged in!

Compare scores with friends on all Sporcle quizzes.
OR
Log In

Sporcle TV

Today on Sporcle TV


Watch our educational content, quiz creation guides, and fun videos on Sporcle TV.

Show Comments

Extras

Top Quizzes Today


Score Distribution

Paid Content

Your Account Isn't Verified!

In order to create a playlist on Sporcle, you need to verify the email address you used during registration. Go to your Sporcle Settings to finish the process.

Report this User

Report this user for behavior that violates our Community Guidelines.

Details: